Proceedings of the eighth national conference on instruction in landscape architecture.
Saved in:
| Corporate Authors: | , |
|---|---|
| Format: | Book |
| Language: | English |
| Published: |
Columbus, Ohio :
The University,
1927.
|
| Subjects: | |
| Tags: |
Add Tag
No Tags, Be the first to tag this record!
|
| LEADER | 00803nam a22002057u 4500 | ||
|---|---|---|---|
| 001 | 000000305-0 | ||
| 005 | 20020606090541.3 | ||
| 008 | 830127|1927 ||||||| |||| |0||||eng|d | ||
| 035 | 0 | |a ocm82929925 | |
| 111 | 2 | |a National Conference on Instruction in Landscape Architecture |n (8th : |d 1927 : |c Ohio State University) | |
| 245 | 1 | 0 | |a Proceedings of the eighth national conference on instruction in landscape architecture. |
| 260 | 0 | |a Columbus, Ohio : |b The University, |c 1927. | |
| 300 | |a [35] p. ; |c 28 cm. | ||
| 500 | |a Conference held June 16, 18, 1927. | ||
| 500 | |a Typescript. | ||
| 611 | 2 | 0 | |a National Conference on Instruction in Landscape Architecture |n (8th : |d 1927 : |c Ohio State University) |
| 650 | 0 | |a Landscape architecture |x Congresses. | |
| 710 | 2 | |a Ohio State University. | |
| 988 | |a 20020608 | ||
| 906 | |0 MH | ||


